Spoločenská zodpovednosť firiem v textilnom a odevnom priemysle bakalárska práca

Enregistré dans:
Détails bibliographiques
Auteur principal: Szabóová, Simona
Collectivité auteur: Obchodná fakulta EU. Katedra marketingu
Autres auteurs: Chomová, Katarína, 1983-
Format: Livre
Langue:slovaque
Publié: Bratislava 2011
Tags: Ajouter un tag
Pas de tags, Soyez le premier à ajouter un tag!

MARC

LEADER 00000nbm a2200000 4500
001 0132088
005 20161109111430.4
041 0 |a slo 
044 |a SK 
245 1 0 |a Spoločenská zodpovednosť firiem v textilnom a odevnom priemysle  |b bakalárska práca  |c Simona Szabóová ; školiteľ: Katarína Chomová 
264 1 |a Bratislava  |c 2011 
300 |a 64 s. 
100 1 |a Szabóová, Simona 
700 1 |a Chomová, Katarína, 1983- 
710 2 |a Obchodná fakulta EU. Katedra marketingu